Interim household projections (Record no. 117980)
[ view plain ]
| 000 -LEADER | |
|---|---|
| fixed length control field | 01175cam a2200241 4500 |
| 001 - CONTROL NUMBER | |
| control field | WB@3612-380 |
| 008 - FIXED-LENGTH DATA ELEMENTS--GENERAL INFORMATION | |
| fixed length control field | 040909n2004 000 0 eng u |
| 035 ## - SYSTEM CONTROL NUMBER | |
| System control number | (Sirsi) u127301 |
| 245 ## - TITLE STATEMENT | |
| Title | Interim household projections |
| 260 ## - PUBLICATION, DISTRIBUTION, ETC. | |
| Date of publication, distribution, etc. | 2004 |
| 490 ## - SERIES STATEMENT | |
| Series statement | ODPM News Release |
| Volume/sequential designation | (2004/0206) 8 September 2004 (2) |
| 520 ## - SUMMARY, ETC. | |
| Summary, etc. | The ODPM has published interim projections of the number of households (2002-based) for England to 2021. The figures indicate that an additional 189 000 households are likely to form each year to 2021 if demographic trends continue and housing supply is unconstrained. This compares to 150 000 as predicted in the 1996-based projections. The statistics are interim as the projections will be fully updated in 2005 to take into account 2003-based projections and household formation rates from the 2001 census. Full details are available from the website. http://www.odpm.gov.uk/pns/DisplayPN.cgi?pn_id=200 4_0206 |
| 590 ## - LOCAL NOTE (RLIN) | |
| Local note | WB |
| 590 ## - LOCAL NOTE (RLIN) | |
| Local note | WB |
| 650 ## - SUBJECT ADDED ENTRY--TOPICAL TERM | |
| Topical term or geographic name entry element | POPULATION |
| 650 ## - SUBJECT ADDED ENTRY--TOPICAL TERM | |
| Topical term or geographic name entry element | ENGLAND |
| 650 ## - SUBJECT ADDED ENTRY--TOPICAL TERM | |
| Topical term or geographic name entry element | HOUSEHOLDS |
| 650 ## - SUBJECT ADDED ENTRY--TOPICAL TERM | |
| Topical term or geographic name entry element | HOUSING DEMAND |
| 650 ## - SUBJECT ADDED ENTRY--TOPICAL TERM | |
| Topical term or geographic name entry element | DEMOGRAPHICS |
| 650 ## - SUBJECT ADDED ENTRY--TOPICAL TERM | |
| Topical term or geographic name entry element | STATISTICS |
| 690 ## - LOCAL SUBJECT ADDED ENTRY--TOPICAL TERM (OCLC, RLIN) | |
| Topical term or geographic name as entry element | HOUSING |
| 942 ## - ADDED ENTRY ELEMENTS (KOHA) | |
| Suppress in OPAC | 0 |
| Withdrawn status | Lost status | Source of classification or shelving scheme | Damaged status | Not for loan | Home library | Current library | Shelving location | Date acquired | Total Checkouts | Full call number | Barcode | Date last seen | Copy number | Price effective from | Koha item type |
|---|---|---|---|---|---|---|---|---|---|---|---|---|---|---|---|
| Dewey Decimal Classification | London | London | News article | 09/09/2004 | WB403414 | 127301-1001 | 06/08/2019 | 1 | 06/08/2019 | News article |